00498nam a22001577a 450000500170000000800410001702000270005804100130008508200140009810000260011224500800013825000190021826000470023730000320028465000240031620231113062727.0231113b |||||||| |||| 00| 0 eng d a070210714 ; 0702107158 aEnglish  a346.1 BOB aBoberg, PQR lEnglish aThe Law of Persons and the Family : bwith illustrative cases /cPQR Boberg aFirst Edition  aCape Town : bJuta and Company Ltd, c1977 blxiv, 756 pages ; c26 cm.  aLegal practicebLaw